000 00446nam a2200181Ia 4500
001 3955
005 20260306145721.0
008 260306t2004||||xx |||||||||||||| ||spa||
041 _aESP
082 _a305.868
_bC15
100 _aDe la Cadena, Marisol
_eAUT
245 0 _aIndígenas mestizos:
_braza y cultura en el Cusco
260 _c2004
300 _a385 páginas :
_c23 cm.
650 _aGEN
654 _aCHU
942 _cLIB
_dJUS
_fJUS
_2ddc
_n
999 _c3955
_d3955